Logo BPK

Biblioteka

Politechniki Koszalińskiej

Rolnictwo jest ekologią stosowaną / (Rekord nr 31182)

Szczegóły MARC
000 -ETYKIETA REKORDU
podpole kontrolne o stałej długości 01340nam a2200445 i 4500
001 - NUMER KONTROLNY REKORDU
pole kontrolne 31182
003 - IDENTYFIKATOR NUMERU KONTROLNEGO REKORDU
podpole kontrolne KOSZ 005
005 - DATA OSTATNIEJ MODYFIKACJI REKORDU
podpole kontrolne 20221220110623.0
008 - POLE O STAŁEJ DŁUGOŚCI - DANE KONTROLNE
podpole kontrolne o stałej długości 980702s1995 pl a |000 0 pol
015 ## - NUMER BIBLIOGRAFII NARODOWEJ
Numer bibliografii narodowej PB 1996/5186
020 ## - MIĘDZYNARODOWY ZNORMALIZOWANY NUMER KSIĄŻKI - ISBN
ISBN 8385805249
035 ## - NUMER SYSTEMOWY
Numer systemowy przejętego rekordu (OCoLC)749206728
040 ## - ŹRÓDŁO KATALOGOWANIA
Instytucja, która sporządziła opis WA N
Instytucja, która utworzyła rekord WA N
Instytucja, która dokonała modyfikacji KOSZ 005/HR
041 0# - KOD JĘZYKA
Kod języka tekstu pol
Kod języka dokumentu towarzyszącego innego niż libretto eng
046 ## - DATY KODOWANE
Pojedyncza data lub początek okresu powstania dzieła lub zbioru dzieł 1995
080 ## - UNIWERSALNA KLASYFIKACJA DZIESIĘTNA - UKD
UKD 631.3/.8
080 ## - UNIWERSALNA KLASYFIKACJA DZIESIĘTNA - UKD
UKD 628.3
080 ## - UNIWERSALNA KLASYFIKACJA DZIESIĘTNA - UKD
UKD 631.95
080 ## - UNIWERSALNA KLASYFIKACJA DZIESIĘTNA - UKD
UKD 504
100 1# - NAZWA OSOBOWA
Nazwa osobowa Siuta, Jan
Daty związane z nazwą (1928-2020)
Określenie rodzaju współpracy Autor
245 10 - TYTUŁ/ODPOWIEDZIALNOŚĆ
Tytuł Rolnictwo jest ekologią stosowaną /
Pozostałe elementy strefy tytułu i oznaczenia odpowiedzialności Jan Siuta ; Instytut Ochrony Środowiska.
260 ## - STREFA ADRESU WYDAWNICZEGO
Miejsce wydania Warszawa :
Nazwa wydawcy/dystrybutora IOŚ,
Data publikacji, dystrybucji/powstania dokumentu 1995.
300 ## - STREFA OPISU FIZYCZNEGO
Objętość 69 s. :
Inne cechy fizyczne fot. kolor., rys., wykr. ;
Rozmiary 24 cm.
380 ## - FORMA I TYP PUBLIKACJI
Forma i typ publikacji Książki.
388 ## - CZAS POWSTANIA
Czas powstania 1901-2000
388 ## - CZAS POWSTANIA
Czas powstania 1989-2000
500 ## - UWAGI OGÓLNE
Tekst uwagi Posł. także ang.
504 ## - UWAGA DOTYCZĄCA BIBLIOGRAFII
Informacje o bibliografii Bibliogr. s. 65.
650 #4 - HASŁO PRZEDMIOTOWE W FORMIE NAZWY OGÓLNEJ LUB JEDNOSTKOWEJ
Nazwa ogólna lub geograficzna Rolnictwo ekologiczne
658 ## - TERMIN INDEKSOWY - PRZEDMIOT PROGRAMU NAUCZANIA
Główny przedmiot programu nauczania Rolnictwo i leśnictwo
658 ## - TERMIN INDEKSOWY - PRZEDMIOT PROGRAMU NAUCZANIA
Główny przedmiot programu nauczania Ochrona środowiska
650 #4 - HASŁO PRZEDMIOTOWE W FORMIE NAZWY OGÓLNEJ LUB JEDNOSTKOWEJ
Nazwa ogólna lub geograficzna Ścieki
650 #4 - HASŁO PRZEDMIOTOWE W FORMIE NAZWY OGÓLNEJ LUB JEDNOSTKOWEJ
Nazwa ogólna lub geograficzna Odpady
650 #4 - HASŁO PRZEDMIOTOWE W FORMIE NAZWY OGÓLNEJ LUB JEDNOSTKOWEJ
Nazwa ogólna lub geograficzna Ochrona środowiska
650 #4 - HASŁO PRZEDMIOTOWE W FORMIE NAZWY OGÓLNEJ LUB JEDNOSTKOWEJ
Nazwa ogólna lub geograficzna Agrotechnika
650 #4 - HASŁO PRZEDMIOTOWE W FORMIE NAZWY OGÓLNEJ LUB JEDNOSTKOWEJ
Nazwa ogólna lub geograficzna Melioracje rolne
710 1# - HASŁO DODATKOWE - NAZWA CIAŁA ZBIOROWEGO
Nazwa ciała zbiorowego lub jednostki geograficznej Polska.
Nazwa jednostki podrzędnej Inspekcja Ochrony Środowiska.
Kod określenia powiązania pbl.
856 ## - LOKALIZACJA I DOSTĘP DO ELEKTRONICZNYCH DOKUMENTÓW ZDALNYCH
Link (URL) http://koha.tu.koszalin.pl/cgi-bin/koha/opac-detail.pl?biblionumber=31182
Tekst linku Katalog online BPK
942 ## - DODATKOWE ELEMENTY (KOHA)
Schemat klasyfikacji Uniwersalna Klasyfikacja Dziesiętna
Typ dokumentu Książka
Egzemplarze
Wycofany Status egzemplarza Uszkodzony Dostępność Lokalizacja stała Lokalizacja bieżąca Miejsce przechowywania Sygnatura Kod kreskowy Typ dokumentu
      Dostępny Biblioteka Politechniki Koszalińskiej Biblioteka Politechniki Koszalińskiej Wypożyczalnia BG 38291 01146011 Książka
      Dostępny Biblioteka Politechniki Koszalińskiej Biblioteka Politechniki Koszalińskiej Wypożyczalnia BG 40887 01279276 Książka
© 2023 Biblioteka Politechniki Koszalińskiej :: KOHA